Devine l'objet zoomé - Statistiques

Statistiques générales
  • Ce quiz a été pris 233 fois
  • Le résultat moyen est 11 sur 20
Statistiques - réponses
Par images Hint Réponse % Correct
Briquet / Craquer / Flamme Allumette
89%
Boulon / Écrou / Cheville Vis
86%
Palette / Peinture / Poils Pinceau
79%
Capuchon / Cartouche / Encre Stylo à bille
77%
Filtre / Fumée / Tabac Cigarette
72%
Aiguisage / Lame / Manche Couteau à dents
66%
Détergent / Mousse / Saponification Bulles de savon
57%
Absorber / Nettoyer / Vaisselle Éponge de cuisine
56%
Expresso / Moulin / Torréfaction Grain de café
56%
Maquillage / Sephora / Teinte Rouge à lèvres
53%
Chapitre / Couverture / Reliure Pages d'un livre
51%
Italien / Plat / Sauce Spaghetti
50%
Feuilles / Infusion / Tasse Sachet de thé
49%
Five Guys / Salade / Steak Burger
47%
Cassonade / Cristaux / Saccharose Grain de sucre
47%
Peau / Pépin / Trognon Tige de pomme
46%
Chips / Fécule / Tubercule Pomme de terre
41%
Attache / Bande / Fixation Velcro
35%
Céréales / Lait / Petit-déjeuner Cornflake
27%
Frappe / Pavé numérique / Raccourci Touche X d'un clavier
11%
Aucun quiz correspondant
Distribution des résultats
% des personnes avec chaque résultat
Percentile par nombre de réponses
Votre historique - résultats
Vous n’avez pas pris ce quiz